Xdinary Heroes discography - Statistics

General Stats
  • This quiz has been taken 175 times
  • The average score is 45 of 62
Answer Stats
Hint Answer % Correct
Hair Cut
95%
Beautiful Life
93%
Fire (My Sweet Misery)
90%
ICU
90%
iNSTEAD!
88%
Strawberry Cake
88%
MONEYBALL
86%
freakin' Bad
84%
Happy Death Day
84%
George the Lobster
83%
Dreaming girl
81%
Man in the Box
81%
Money On My Mind
81%
Spoiler!!!
81%
. Test Me
81%
Zzz..
81%
Break the Brake
79%
Night before the end
79%
Pirates
79%
Dear H.
78%
Diamond
78%
Freddy
78%
KNOCK DOWN
78%
LOVE and FEAR
78%
PLUTO
78%
Save me
78%
Good enough
76%
Little Things
76%
Night of Fireworks
76%
Ashes to Ashes
74%
checkmate
74%
until the end of time
74%
Lost and Found
72%
X-MAS
72%
XYMPHONY
72%
BBB (Bitter But Better)
71%
Boy Comics
71%
Ghost
71%
AGAIN? AGAIN!
69%
Supernatural
69%
Bicycle
67%
LUNATIC
67%
Paint It
67%
Wego Wego
67%
FIGHT ME
66%
LOVE ME 2 DEATH
66%
Love Tug of War
66%
more than i like
66%
No Matter
66%
Sucker Punch!
66%
Come into my head
64%
Paranoid
64%
Crack in the mirror
62%
Enemy
60%
FEELING NICE
60%
UNDEFINED
59%
Walking to the Moon
59%
Bad Chemical
57%
JOYFUL JOYFUL
50%
Addiction
47%
Break the Darkness
45%
Rebellion
43%
No matching quizzes found
Score Distribution
Percent of People with Each Score
Percentile by Number Answered
Your Score History
You have not taken this quiz